Extranjeros: la dimensión ética y poítica de la exclusión /
La autora toca el tema de la exclusión social donde se hace alusión al concepto de lo periférico, lo marginal y la autora retoma la importancia de la tesis de Arturo Escobar sobre la necesidad de revertir las asimetrías de los discursos del poder, y entre ellos el de la globalización, y "el enf...
Bewaard in:
| Hoofdauteur: | |
|---|---|
| Formaat: | Texto |
| Onderwerpen: | |
| Tags: |
Voeg label toe
Geen labels, Wees de eerste die dit record labelt!
|
MARC
| LEADER | 00000 a a2200000 04500 | ||
|---|---|---|---|
| 001 | 14360 | ||
| 003 | |||
| 040 | |||
| 100 | |a Sierra, Bárbara | ||
| 245 | |a Extranjeros: |b la dimensión ética y poítica de la exclusión / |c Bárbara Sierra | ||
| 520 | |a La autora toca el tema de la exclusión social donde se hace alusión al concepto de lo periférico, lo marginal y la autora retoma la importancia de la tesis de Arturo Escobar sobre la necesidad de revertir las asimetrías de los discursos del poder, y entre ellos el de la globalización, y "el enfocar de nuevo la constante importancia del lugar y de la creación del lugar, para la cultura, la naturaleza y la economía" y para el conocimiento | ||
| 650 | |a EXCLUSION SOCIAL | ||
| 650 | |a MIGRACION | ||
| 650 | |a MARGINALIDAD | ||
| 773 | |g volumen 12, número 2; páginas 7-15 | ||
| 999 | |c 32188 |d 32188 | ||
